The Russo-Japanese War fully illustrated.

Bibliographic Details
Format: Journal
Language:English
Published: Tokyo : Kinkodo-shoseki-kabushiki-kaisha, 1904-1905.
Subjects:

MARC

Tag First Indicator Second Indicator Subfields
LEADER 00000cas a2200000 4500
001 in00000018054
005 20151007053135.0
008 751101d19041905ja br p |||| 0uuu 0eng d
010 |a sn 87033009  
035 |a (OCoLC)01775193 
035 |9 AAB0537AM 
040 |a MUL  |c MUL  |d CLU  |d UtOrBLW 
042 |a lcd 
043 |a a-ja---  |a e-ur--- 
049 |a TXAE 
050 0 |a DS517  |b .A2 
245 0 4 |a The Russo-Japanese War fully illustrated. 
264 1 |a Tokyo :  |b Kinkodo-shoseki-kabushiki-kaisha,  |c 1904-1905. 
300 |a volumes :  |b illustrations (some color), portraits, maps ;  |c 27 cm. 
310 |a Bimonthly 
336 |a text  |b txt  |2 rdacontent 
337 |a unmediated  |b n  |2 rdamedia 
338 |a volume  |b nc  |2 rdacarrier 
362 0 |a v. 1-3, no. 1-10 ; April 1904-Sept 1905 
362 0 |a No. 1 (Apr. 1904)-no. 10 (Sept. 1905). 
500 |a Paged continuously. 
515 |a No. 1-10 called also v. 1-3. 
650 0 |a Russo-Japanese War, 1904-1905  |x Periodicals. 
999 |a MARS 
999 f f |s 8a7c9fbe-fdf4-36e1-8e09-f5dc3db66ec8  |i 4a324811-32ff-3b22-af3a-e002c97392e0  |t 0 
952 f f |p noncirc  |a Texas A&M University  |b College Station  |c Cushing Memorial Library & Archives  |d Cushing: Ragan Military (Does not check out)  |t 0  |e DS517 .A2  |h Library of Congress classification  |i unmediated -- volume 
952 f f |p ric  |a Texas A&M University  |b Rellis Campus  |c Joint Library Facility  |d Remote Storage  |t 0  |e DS517 .A2  |h Library of Congress classification  |i unmediated -- volume  |k v.1 no.1 April 1904  |m A14809491093 
998 f f |a DS517 .A2  |s v.3:no.8 (1905:May)  |t 0  |l Cushing: Ragan Military (Does not check out) 
998 f f |a DS517 .A2  |s v.1:no.1 (1904:Apr.)  |t 0  |l Remote Storage